| 000 | 01101nam a22003257a 4500 | ||
|---|---|---|---|
| 003 | CHAP | ||
| 005 | 20220329143449.0 | ||
| 008 | 091109s2008 mx r 00010 spa d | ||
| 010 | _a97028 | ||
| 011 | _a98000 | ||
| 020 | _a9684847335 | ||
| 035 | _a108675 | ||
| 040 | _cCHAP | ||
| 082 | 0 | 4 |
_a863 _bJ56 |
| 100 | 1 |
_aJiménez Lechiga, Sahid. _961568 |
|
| 245 | 1 | 0 |
_aPor si vuelven a preguntar _c/por Sahid Jiménez Lechuga |
| 260 |
_aToluca, Edo. de México. : _bInstituto Mexiquense de cultura, _c2008 |
||
| 300 | _a106 p. | ||
| 490 | 0 |
_aBiblioteca Mexiquense del Bicentenario. _pEl corazón y los confines |
|
| 590 |
_aBATCH-UPD _b10 _c20130110 _lUCH01 _h1511 |
||
| 590 |
_aBATCH-UPD _b10 _c20130410 _lUCH01 _h0928 |
||
| 590 |
_aBATCH-UPD _b10 _c20130914 _lUCH01 _h1704 |
||
| 590 |
_aCONVERSION _b10 _c20130109 _lUCH01 _h1354 |
||
| 650 | 1 | 4 |
_aLiteratura mexicana. _967138 |
| 650 | 1 | 4 |
_aNovela. _982011 |
| 830 | 0 |
_aBiblioteca Mexiquense del Bicentenario. _pEl corazón y los confines _912430 |
|
| 901 | _aBK | ||
| 942 | _cLIBRO | ||
| 949 |
_a863 S56 _bBC _cLIBRO _d33724002136694 _eLIBRO _h111217 _i108675 _si |
||
| 999 |
_c97028 _d97028 |
||